|
|
|
|
| LEADER |
00000nam a2200000 a 4500 |
| 001 |
vtls001485956 |
| 003 |
SK-MaSNL |
| 005 |
20260301204005.0 |
| 008 |
240313s2004 xo a slo |
| 015 |
|
|
|a SNBA2005/01-00325
|
| 020 |
|
|
|a 8096802461
|
| 035 |
|
|
|a SNK000441249
|
| 035 |
|
|
|a urn:nbn:sk:snk-amlurc
|
| 035 |
|
|
|a urn:nbn:sk:snk-am00cb7m
|
| 035 |
|
|
|a C1165121-64AB-4C6D-904A-4143E1F90AE4
|
| 040 |
|
|
|a SNK
|b slo
|c SNK
|e AACR2
|
| 041 |
0 |
|
|a slo
|
| 044 |
|
|
|a xo
|c SK
|
| 072 |
|
7 |
|a 929
|2 konspekt
|
| 080 |
|
|
|a 796.71.071.2
|x (437.6)
|2 snkbum
|
| 080 |
|
|
|a 796.71.093
|2 1981
|
| 080 |
|
|
|a 796.72.071.2
|2 1981
|
| 080 |
|
|
|a (437.6)
|2 1981
|
| 080 |
|
|
|a 929
|2 1981
|
| 080 |
|
|
|a (092)
|2 1981
|
| 080 |
|
|
|a 929
|2 snkbum
|
| 080 |
|
|
|a 796.72.071.2
|x (437.6)
|2 snkbum
|
| 080 |
|
|
|a 796.71.071.2
|2 1981
|
| 100 |
1 |
|
|a Szabó, Ivan,
|d 1939-2026
|4 aut
|9 225842
|
| 245 |
1 |
0 |
|a V zajatí rýchlych kolies
|b rozprávanie o "lietajúcom advokátovi" JUDr. Ivanovi Friedlovi
|c Ivan Szabó
|
| 250 |
|
|
|a [1. vyd.]
|
| 260 |
|
|
|a Bratislava
|b Prospero
|c 2003
|
| 300 |
|
|
|a 83 s. [8] s. fareb. fotogr. príl.
|b fotogr.
|c 30 cm
|
| 500 |
|
|
|a S venovaním autora
|
| 504 |
|
|
|a Bibliogr. s. 83
|
| 600 |
1 |
7 |
|a Friedl, Ivan,
|d 1936-
|2 SNK
|9 588201
|
| 650 |
0 |
7 |
|a automobiloví pretekári
|2 SNKPH
|9 67444
|
| 650 |
0 |
7 |
|a automobilové preteky
|2 SNKPH
|9 69302
|
| 650 |
0 |
7 |
|a motocykloví pretekári
|2 SNKPH
|9 78056
|
| 655 |
|
7 |
|a príručky
|2 SNKPH
|9 74364
|
| 655 |
|
7 |
|a biografie
|2 SNKPH
|9 27965
|
| 919 |
|
|
|a 80-968024-6-1
|
| 958 |
|
|
|a NB
|
| 958 |
|
|
|a BX
|
| 968 |
|
|
|d 793/799
|
| 999 |
|
|
|c 904721
|d 906651
|
| 952 |
|
|
|a SNK
|b SNK
|y PREZ
|7 0
|p 17A0450624
|o snkSB 69591
|i snkKSP 14924/2004
|0 0
|1 0
|4 0
|d 2005-08-25
|f 1
|l 0
|r 2025-04-23 00:00:00
|w 2026-02-24
|